[Event "2nd Longtou Cup 2019"]
[Site "Qinhuangdao CHN"]
[Date "2019.04.23"]
[Round "7.8"]
[White "Huang, Renjie"]
[Black "Zou, Chen"]
[Result "0-1"]
[BlackTitle "FM"]
[WhiteElo "2338"]
[BlackElo "2397"]
[WhiteFideId "8610134"]
[BlackFideId "8610959"]
[EventDate "2019.04.16"]

1. e4 c5 2. Nf3 d6 3. d4 cxd4 4. Nxd4 Nf6 5. Nc3 a6 6. Bc4 e6 7. O-O Be7 8. Qf3
Qc7 9. Bd3 O-O 10. Qg3 Nbd7 11. Bh6 Ne8 12. Be3 b5 13. a4 b4 14. Nce2 Nc5 15.
Bd2 Rb8 16. Nb3 Nxd3 17. cxd3 e5 18. Rfc1 Qd8 19. d4 Be6 20. d5 Bd7 21. Qd3 f5
22. exf5 Bxf5 23. Qxa6 Nf6 24. Ng3 Bg6 25. Qa5 Qe8 26. f3 e4 27. f4 Ng4 28. h3
Bd8 29. Qa6 Bb6+ 30. Kh1 Nf2+ 31. Kh2 e3 32. Re1 Bd3 33. Qxb6 Rxb6 34. Bxe3 Ra6
35. Bxf2 Qa8 36. Bd4 Qxd5 37. Re7 Rxf4 38. Rc1 Ra8 39. Rxg7+ Kf8 40. Rcc7 Qxb3
41. Be3 Rf6 42. Nh5 Rg6 43. Rge7 Re8 44. Rxh7 Rxg2+ 45. Kxg2 Qxb2+ 46. Kg1 Bxh7 0-1

[Event "2nd Longtou Cup 2019"]
[Site "Qinhuangdao CHN"]
[Date "2019.04.23"]
[Round "7.10"]
[White "Peng, Xiongjian"]
[Black "Liu, Zexu"]
[Result "1-0"]
[WhiteElo "2459"]
[BlackElo "2098"]
[WhiteFideId "8610550"]
[BlackFideId "8605963"]
[EventDate "2019.04.16"]

1. Nf3 Nf6 2. g3 g6 3. b3 Bg7 4. Bb2 d6 5. d4 O-O 6. Bg2 Nbd7 7. O-O c6 8. Nbd2
d5 9. Re1 Nb6 10. e4 dxe4 11. Nxe4 Nxe4 12. Rxe4 Bf5 13. Re1 Re8 14. Qe2 Qc7 15.
c4 a5 16. a4 Rad8 17. Rad1 Bf6 18. Ne5 h5 19. h3 Qc8 20. Kh2 Nd7 21. f4 Nxe5 22.
fxe5 Bg5 23. Rf1 Rf8 24. Rxf5 Qxf5 25. h4 Bxh4 26. gxh4 Qf4+ 27. Kh3 f6 28. e6
g5 29. Qxh5 Kg7 30. Bc1 Qf5+ 31. Qg4 Qc2 32. Be4 Qf2 33. Qh5 Qxh4+ 34. Qxh4 gxh4
35. Ba3 f5 36. Bxe7 fxe4 37. Rg1+ Kh6 38. Bxf8+ Rxf8 39. d5 cxd5 40. cxd5 Re8
41. Rg4 e3 42. Re4 Kg5 43. e7 1-0

[Event "2nd Longtou Cup 2019"]
[Site "Qinhuangdao CHN"]
[Date "2019.04.23"]
[Round "7.11"]
[White "Ma, Lin"]
[Black "Zhang, Ziji"]
[Result "1/2-1/2"]
[WhiteElo "2167"]
[BlackElo "2414"]
[WhiteFideId "8610533"]
[BlackFideId "8609470"]
[EventDate "2019.04.16"]

1. d4 Nf6 2. c4 e6 3. Nc3 Bb4 4. Bd2 b6 5. a3 Bxc3 6. Bxc3 Bb7 7. e3 O-O 8. Nf3
Ne4 9. Qc2 d6 10. Be2 Nd7 11. O-O f5 12. Rad1 Qe7 13. d5 e5 14. Nd2 Nxc3 15.
Qxc3 Qh4 16. e4 f4 17. Nf3 Qe7 18. b4 Rad8 19. Rc1 Bc8 20. Nd2 Qh4 21. Nf3 Qh6
22. Nd2 Qg5 23. Rfd1 Rf6 24. Nf3 Qh6 25. c5 bxc5 26. bxc5 Nxc5 27. Nxe5 Re8 28.
Ng4 Bxg4 29. Bxg4 Rxe4 30. Be6+ Nxe6 31. dxe6 Rfxe6 32. Qxc7 Qg6 33. Qxa7 h6 34.
Qb8+ Kh7 35. Qb3 Qf5 36. h3 Qe5 37. Qd3 Rg6 38. Qf3 Qe7 39. Rd3 Ra4 40. Rcd1 Qc7 1/2-1/2

[Event "2nd Longtou Cup 2019"]
[Site "Qinhuangdao CHN"]
[Date "2019.04.23"]
[Round "7.12"]
[White "Sarukhanyan, Samvel"]
[Black "Chu, Wei Chao"]
[Result "1/2-1/2"]
[BlackTitle "IM"]
[WhiteElo "2038"]
[BlackElo "2387"]
[WhiteFideId "24138983"]
[BlackFideId "8605661"]
[EventDate "2019.04.16"]

1. e4 c6 2. d4 d5 3. exd5 cxd5 4. c4 Nf6 5. Nc3 e6 6. Bf4 Nc6 7. c5 Be7 8. Nf3
Ne4 9. Qc2 g5 10. Be3 g4 11. Nd2 Nxc5 12. dxc5 d4 13. Nc4 dxe3 14. Rd1 Nd4 15.
Qe4 exf2+ 16. Kxf2 f5 17. Nd6+ Qxd6 18. cxd6 fxe4 19. Rxd4 Rf8+ 20. Kg3 Bf6 21.
Rxe4 Bxc3 22. bxc3 Kd7 23. Bb5+ Kxd6 24. Rd1+ Kc5 25. Be2 a6 26. Bxg4 b5 27.
Rdd4 Ra7 28. Bf3 Rc7 29. Re5+ Kb6 30. Rh4 Rff7 31. Re3 Rc5 32. Rh6 Rfc7 33. h4
Ka5 34. Kf4 Rf5+ 35. Kg3 Rfc5 36. Kf4 Rf5+ 37. Kg3 Rfc5 1/2-1/2

[Event "2nd Longtou Cup 2019"]
[Site "Qinhuangdao CHN"]
[Date "2019.04.23"]
[Round "7.13"]
[White "Zhao, Chenxi"]
[Black "Hu, Yu A."]
[Result "1-0"]
[WhiteElo "2367"]
[BlackElo "2051"]
[WhiteFideId "8611513"]
[BlackFideId "8609993"]
[EventDate "2019.04.16"]

1. e4 c5 2. Nf3 d6 3. d4 cxd4 4. Qxd4 Nc6 5. Bb5 Bd7 6. Qd3 a6 7. Bxc6 Bxc6 8.
c4 Nf6 9. Nc3 g6 10. O-O Bg7 11. Be3 O-O 12. a3 Rc8 13. Rfd1 Qc7 14. Rac1 Qb8
15. a4 Nd7 16. Bd4 Bxd4 17. Nxd4 Nc5 18. Qc2 e5 19. Nde2 a5 20. Rd2 Rcd8 21.
Rcd1 Qc7 22. b3 Qb6 23. Nc1 Ne6 24. Qd3 Kg7 25. Qg3 Nd4 26. Qe3 f5 27. exf5 Rxf5
28. Nb5 Bxg2 29. Nxd4 exd4 30. Qxd4+ Qxd4 31. Rxd4 Bf3 32. Re1 Rg5+ 33. Kf1 Bg2+
34. Ke2 Re5+ 35. Kd2 Kf6 36. Rxe5 Kxe5 37. Ke3 Bc6 38. Nd3+ Ke6 39. Nf4+ Kf5 40.
Nd5 Re8+ 41. Kd2 Re4 42. Rd3 Ke6 43. Nc7+ Ke5 44. Nb5 d5 45. cxd5 Bxd5 46. Nc3 1-0

[Event "2nd Longtou Cup 2019"]
[Site "Qinhuangdao CHN"]
[Date "2019.04.23"]
[Round "7.14"]
[White "Li, Haoyu B."]
[Black "Nie, Xinyang"]
[Result "1-0"]
[WhiteElo "2095"]
[BlackElo "2346"]
[WhiteFideId "8610169"]
[BlackFideId "8607222"]
[EventDate "2019.04.16"]

1. d4 d5 2. c4 e6 3. Nc3 a6 4. Bf4 dxc4 5. a4 Nc6 6. e3 Na5 7. Nf3 Bd6 8. Ne5
Nf6 9. Qf3 Bd7 10. Be2 O-O 11. Bg5 Be7 12. Nxc4 Bc6 13. Qh3 Nxc4 14. Bxc4 h6 15.
Bxf6 Bxf6 16. O-O Qd6 17. Rab1 Qb4 18. Bd3 Bxa4 19. Nxa4 Qxa4 20. Rfc1 Qd7 21.
Qf3 c6 22. h4 Rfe8 23. h5 Kf8 24. Rc2 e5 25. Bf5 Qd6 26. dxe5 Qxe5 27. Rd1 Rad8
28. g4 Qa5 29. Kg2 Rxd1 30. Qxd1 Rd8 31. Qe2 Qd5+ 32. f3 Be7 33. Rc3 Qd2 34. Kf1
Bf6 35. Rc2 Qb4 36. Qe1 Qb6 37. Rd2 Re8 38. Be4 a5 39. Qe2 a4 40. Qc4 Qxe3 41.
Re2 Qd4 42. Qxf7+ 1-0

[Event "2nd Longtou Cup 2019"]
[Site "Qinhuangdao CHN"]
[Date "2019.04.23"]
[Round "7.15"]
[White "Sun, Chao"]
[Black "Li, Yunshan"]
[Result "0-1"]
[BlackTitle "WFM"]
[WhiteElo "2063"]
[BlackElo "2191"]
[WhiteFideId "8622990"]
[BlackFideId "8607664"]
[EventDate "2019.04.16"]

1. Nf3 Nf6 2. b3 g6 3. Bb2 Bg7 4. g3 O-O 5. Bg2 c5 6. c4 Nc6 7. O-O d6 8. d4 Ne4
9. e3 f5 10. Qe2 cxd4 11. exd4 e5 12. d5 Nd4 13. Nxd4 exd4 14. Qd3 Qf6 15. Rd1
Nc3 16. Rc1 Nxb1 17. Raxb1 f4 18. Qd2 Bf5 19. Ra1 Rae8 20. Re1 g5 21. gxf4 gxf4
22. Qxf4 Bb1 23. Qd2 Bh6 24. Rxe8 Bxd2 25. Rxf8+ Kxf8 26. Rxb1 Bc3 27. Be4 Qf4 0-1

[Event "2nd Longtou Cup 2019"]
[Site "Qinhuangdao CHN"]
[Date "2019.04.23"]
[Round "7.16"]
[White "Tuvsanaa, Nyamaa"]
[Black "Zhang, Lanlin"]
[Result "1-0"]
[WhiteTitle "FM"]
[WhiteElo "2212"]
[BlackElo "2192"]
[WhiteFideId "4900413"]
[BlackFideId "8608032"]
[EventDate "2019.04.16"]

1. d4 d5 2. Nf3 Nf6 3. e3 Bf5 4. c4 e6 5. Qb3 Qc8 6. Nc3 c6 7. Bd2 Be7 8. Rc1
O-O 9. Nh4 Bg4 10. h3 Bh5 11. g4 Bg6 12. Nxg6 fxg6 13. g5 Ne4 14. Nxe4 dxe4 15.
h4 e5 16. Bh3 Qc7 17. d5 Kh8 18. c5 cxd5 19. Qxd5 Na6 20. b4 Rad8 21. Qxe4 b6
22. Bf1 Nb8 23. c6 a6 24. a4 a5 25. b5 Rxd2 26. Kxd2 Rxf2+ 27. Ke1 Rb2 28. Bc4
Qd8 29. Qd5 Qc8 30. Qg8+ 1-0

[Event "2nd Longtou Cup 2019"]
[Site "Qinhuangdao CHN"]
[Date "2019.04.23"]
[Round "7.17"]
[White "Zhang, Xiao"]
[Black "Mikhalev, Dmitry"]
[Result "1-0"]
[BlackTitle "FM"]
[WhiteElo "2141"]
[BlackElo "2360"]
[WhiteFideId "8610894"]
[BlackFideId "4183134"]
[EventDate "2019.04.16"]

1. d4 Nf6 2. c4 c5 3. d5 e5 4. Nc3 d6 5. e4 Be7 6. Bd3 O-O 7. Nge2 Ne8 8. O-O
Bg5 9. f4 exf4 10. Bxf4 Bxf4 11. Nxf4 Nd7 12. Be2 Ne5 13. b3 Qe7 14. Qd2 Bd7 15.
Nd3 Nc7 16. Nxc5 dxc5 17. d6 Qd8 18. dxc7 Qxc7 19. Nd5 Qb8 20. Qg5 Kh8 21. Rad1
Be6 22. Nf4 Qc7 23. Rf2 Rae8 24. Bh5 b6 25. Rfd2 Bc8 26. Nd5 Qb8 27. Ne3 Be6 28.
Rd6 f6 29. Qh4 Re7 30. Qf2 Qc7 31. h3 Nc6 32. R6d2 Nd4 33. Qh4 Kg8 34. Rf2 Rd8
35. Rdf1 Qe5 36. Bf3 Qg5 37. Qxg5 fxg5 38. Nd5 Rf7 39. Bg4 Rdd7 40. Bxe6 Nxe6
41. e5 Rxf2 42. Rxf2 Rf7 43. Rd2 Kf8 44. g4 Ke8 45. Kg2 Rd7 46. Kf3 Rf7+ 47. Ke4
Rf1 48. Nc3 Nf4 49. Nb5 Nxh3 50. Kd5 Ke7 51. Nxa7 Nf4+ 52. Kc6 h5 53. Rd7+ Kf8
54. e6 Nxe6 55. gxh5 g4 56. Rd3 Rf3 57. Rd1 g3 58. Kxb6 g2 59. Rg1 Nf4 60. Kxc5
Rf1 61. Rxg2 Nxg2 62. b4 Ke7 63. b5 Rf5+ 64. Kc6 Rxh5 65. b6 Rh6+ 66. Kc7 Rxb6
67. Nc8+ Ke6 68. Nxb6 g5 69. a4 g4 70. a5 Ne3 71. a6 g3 72. Nd5 Nxd5+ 73. cxd5+
Ke5 74. a7 g2 75. a8=Q g1=Q 76. d6 Qc5+ 77. Qc6 Qa5+ 78. Kc8 1-0

[Event "2nd Longtou Cup 2019"]
[Site "Qinhuangdao CHN"]
[Date "2019.04.23"]
[Round "7.18"]
[White "Kirienko, Vladimir"]
[Black "Otgonjargal, Sengeravdan"]
[Result "0-1"]
[BlackTitle "WIM"]
[WhiteElo "2100"]
[BlackElo "2162"]
[WhiteFideId "54197457"]
[BlackFideId "4900790"]
[EventDate "2019.04.16"]

1. d4 d6 2. c4 Nd7 3. Nc3 e5 4. Nf3 c6 5. g3 Be7 6. Bg2 Ngf6 7. e4 Qc7 8. O-O
Nf8 9. d5 Ng6 10. dxc6 bxc6 11. Bg5 h6 12. Bxf6 Bxf6 13. b4 Be6 14. Qd3 O-O 15.
Rfc1 Rfd8 16. h4 a6 17. a4 Ne7 18. b5 cxb5 19. cxb5 Qa5 20. Nd2 Rac8 21. Rab1
Rc5 22. Nd5 Rxc1+ 23. Rxc1 axb5 24. axb5 Nxd5 25. exd5 Bd7 26. Rb1 Rb8 27. Nc4
Qc7 28. b6 Qc5 29. Bf1 Bd8 30. b7 Bb5 31. Qe3 Qxd5 32. Rxb5 Qxb5 33. Nxd6 Qd7
34. Qc5 Bc7 35. Ne4 Rxb7 36. Bg2 Rb8 37. Kh2 f5 38. Bh3 Rf8 39. Nc3 Qd6 40. Qc4+
Kh8 41. Nb5 Qb6 42. Nxc7 Qxf2+ 43. Bg2 f4 44. Ne6 Qxg3+ 45. Kg1 f3 46. Qc2 Ra8 0-1

[Event "2nd Longtou Cup 2019"]
[Site "Qinhuangdao CHN"]
[Date "2019.04.23"]
[Round "7.19"]
[White "Li, Guohao"]
[Black "Ankhchimeg, Bayanmunkh"]
[Result "1-0"]
[BlackTitle "WIM"]
[WhiteElo "2098"]
[BlackElo "2120"]
[WhiteFideId "8619999"]
[BlackFideId "4900600"]
[EventDate "2019.04.16"]

1. d4 f5 2. Nf3 Nf6 3. g3 g6 4. Bg2 Bg7 5. O-O O-O 6. c4 d6 7. Nc3 c6 8. d5 e5
9. dxe6 Bxe6 10. b3 Ne4 11. Nxe4 fxe4 12. Nd4 Bf7 13. Rb1 d5 14. cxd5 Bxd5 15.
Nc2 Nd7 16. Ne3 Nb6 17. Qc2 Qe7 18. Bb2 Rae8 19. Rbd1 Kh8 20. Qc1 Bg8 21. Ba3
Qf7 22. Bxf8 Qxf8 23. Qc2 Qe7 24. Rd2 Nd5 25. Nxd5 Bxd5 26. e3 Qe6 27. Rfd1 Qe5
28. Bf1 Be6 29. Rd8 Bg4 30. Be2 Bf5 31. Rxe8+ Qxe8 32. Qc5 Bf6 33. Qxa7 Qe7 34.
Qb8+ Kg7 35. Qd6 Qe8 36. Qc7+ Qe7 37. Qxe7+ Bxe7 38. f3 Kf6 39. Kf2 exf3 40.
Bxf3 Bc5 41. g4 Be6 42. Rd8 b6 43. h3 h5 44. gxh5 gxh5 45. h4 Ke5 46. Rh8 1-0

[Event "2nd Longtou Cup 2019"]
[Site "Qinhuangdao CHN"]
[Date "2019.04.23"]
[Round "7.20"]
[White "Bai, Xue"]
[Black "Buynitskiy, Daniil"]
[Result "0-1"]
[WhiteElo "2103"]
[BlackElo "2095"]
[WhiteFideId "8608717"]
[BlackFideId "24207721"]
[EventDate "2019.04.16"]

1. e4 c5 2. Nf3 d6 3. d4 cxd4 4. Nxd4 Nf6 5. Nc3 a6 6. h3 e5 7. Nde2 Be6 8. g3
Be7 9. Bg2 b5 10. Bg5 Nbd7 11. O-O O-O 12. f4 b4 13. Nd5 Bxd5 14. exd5 Rc8 15.
Qd2 h6 16. Bxf6 Bxf6 17. Rab1 Qa5 18. Kh1 Qa4 19. c3 exf4 20. Qxf4 Qc2 21. Nd4
Bxd4 22. cxd4 Nf6 23. Kh2 Nxd5 24. Qf2 Nf6 25. Rbe1 Qd3 26. Rd1 Qg6 27. Rc1 Qg5
28. Rc2 a5 29. b3 Rfe8 30. g4 h5 31. gxh5 Rxc2 32. Qxc2 Nxh5 33. Qf5 Qg3+ 34.
Kh1 Nf6 35. Qxa5 d5 36. Qb5 Re3 37. Qa6 Kh7 38. Rg1 Qh4 39. Qf1 g6 40. Kh2 Ng4+
41. Kh1 Nf2+ 42. Kh2 0-1

[Event "2nd Longtou Cup 2019"]
[Site "Qinhuangdao CHN"]
[Date "2019.04.23"]
[Round "7.21"]
[White "Gu, Tianlu"]
[Black "Khvostikov, Sergey"]
[Result "1-0"]
[WhiteTitle "WIM"]
[WhiteElo "2201"]
[BlackElo "2192"]
[WhiteFideId "8603995"]
[BlackFideId "4192583"]
[EventDate "2019.04.16"]

1. e4 e5 2. Nf3 Nc6 3. Bc4 Be7 4. d4 exd4 5. Nxd4 d6 6. O-O Nf6 7. Nc3 O-O 8. h3
Nd7 9. Be3 Nb6 10. Be2 Bf6 11. f4 Re8 12. a4 Nxd4 13. Bxd4 Bxd4+ 14. Qxd4 a5 15.
Rad1 Bd7 16. Rf3 Re6 17. b3 Bc6 18. Rg3 Qf6 19. Bg4 Qxd4+ 20. Rxd4 Re7 21. Be2
Rae8 22. Rg5 Ra8 23. Bb5 Nd7 24. Bxc6 bxc6 25. Rc4 f6 26. Rg3 Nc5 27. b4 axb4
28. Rxb4 Ree8 29. Re3 Kf7 30. Kf2 Ke6 31. Rc4 Ra5 32. e5 fxe5 33. fxe5 d5 34.
Rh4 h6 35. Rg3 Re7 36. Rg6+ Kxe5 37. Rxc6 d4 38. Nb5 Ne6 39. Rh5+ Kf6 40. Rd5
Rxa4 41. Nxd4 Ra8 42. Rf5+ Kg6 43. Re5 1-0

[Event "2nd Longtou Cup 2019"]
[Site "Qinhuangdao CHN"]
[Date "2019.04.23"]
[Round "7.22"]
[White "Chen, KaiLin"]
[Black "Elgendy, Hesham"]
[Result "1-0"]
[WhiteElo "2073"]
[BlackElo "2049"]
[WhiteFideId "8620954"]
[BlackFideId "10600736"]
[EventDate "2019.04.16"]

1. e4 c5 2. Nf3 Nc6 3. d4 cxd4 4. Nxd4 g6 5. c4 Bg7 6. Be3 Nf6 7. Nc3 O-O 8. Be2
d6 9. O-O Bd7 10. Qd2 Nxd4 11. Bxd4 Bc6 12. f3 a5 13. b3 Nd7 14. Be3 Nc5 15.
Rab1 Qb6 16. Rfc1 Rfc8 17. Bd1 Be5 18. a3 Qd8 19. b4 axb4 20. axb4 Na4 21. Ne2
Bd7 22. Nd4 Bg7 23. Bb3 e5 24. Ne2 Be6 25. Qd1 Nb6 26. c5 Bxb3 27. Rxb3 Na4 28.
Qxd6 Qe8 29. Qd3 Bf8 30. Ra3 Rd8 31. Qc2 b5 32. Raa1 Rac8 33. Qb3 Qc6 34. Rd1
Nxc5 35. bxc5 Bxc5 36. Rxd8+ Rxd8 37. Rc1 Bxe3+ 38. Qxe3 Qb7 39. Qc5 b4 40. Qc7
Qxc7 41. Rxc7 b3 42. Rb7 Rd2 43. Kf2 b2 44. Ke3 Rc2 45. Kd3 1-0

[Event "2nd Longtou Cup 2019"]
[Site "Qinhuangdao CHN"]
[Date "2019.04.24"]
[Round "8.1"]
[White "Idani, Pouya"]
[Black "Can, Emre"]
[Result "1-0"]
[WhiteTitle "GM"]
[BlackTitle "GM"]
[WhiteElo "2590"]
[BlackElo "2599"]
[WhiteFideId "12510130"]
[BlackFideId "6302181"]
[EventDate "2019.04.16"]

1. e4 c5 2. Nf3 d6 3. Bb5+ Nd7 4. d4 cxd4 5. Qxd4 a6 6. Bxd7+ Bxd7 7. O-O Nf6 8.
Bg5 e6 9. Nbd2 Rc8 10. Rfd1 h6 11. Bh4 g5 12. Bg3 e5 13. Qd3 Qc7 14. c4 Be7 15.
b3 Qc6 16. Rac1 Be6 17. c5 Nd7 18. Qf1 dxc5 19. Nxe5 Nxe5 20. Bxe5 f6 21. Bb2
O-O 22. Qe2 b5 23. Nf1 Rfd8 24. Qh5 Kh7 25. Ng3 Qe8 26. Qf3 Rxd1+ 27. Rxd1 Rd8
28. Re1 Qf7 29. Nf5 Bf8 30. h4 c4 31. hxg5 Rd3 32. Re3 Rxe3 33. Qxe3 hxg5 34.
bxc4 bxc4 35. Qh3+ Kg8 36. Nh6+ Kg7 37. Nxf7 Bxh3 38. Nxg5 Bc8 39. Bc3 a5 40.
Nf3 Bb4 41. Bxb4 axb4 42. Nd4 f5 43. exf5 Kf6 44. g4 Ke5 45. Nc6+ Kf4 46. Nxb4
Kxg4 47. f6 Be6 48. Kf1 Kf5 49. Ke1 Kxf6 50. Kd2 Ke5 51. Kc3 Ke4 52. Nc2 Bc8 53.
Nd4 Ba6 54. a4 Kf4 55. Nb5 Kf3 56. Kxc4 Kxf2 57. Kc5 Bb7 58. a5 Ke3 59. Kb6 Ba8
60. a6 Kf4 61. Nd6 Ke5 62. Nb7 Ke6 63. Ka7 Kd7 64. Kxa8 Kc7 65. Ka7 1-0

[Event "2nd Longtou Cup 2019"]
[Site "Qinhuangdao CHN"]
[Date "2019.04.24"]
[Round "8.10"]
[White "Zhang, Ziji"]
[Black "Li, Haoyu B."]
[Result "1-0"]
[WhiteElo "2414"]
[BlackElo "2095"]
[WhiteFideId "8609470"]
[BlackFideId "8610169"]
[EventDate "2019.04.16"]

1. d4 d5 2. c4 e6 3. Nc3 Nf6 4. Nf3 Nbd7 5. Bf4 a6 6. c5 Nh5 7. e3 Be7 8. Bd3
Nxf4 9. exf4 O-O 10. O-O c6 11. Qe2 a5 12. a3 b5 13. b4 g6 14. Qb2 a4 15. Rae1
Qc7 16. Qd2 Bf6 17. h4 h5 18. g3 Bg7 19. Kg2 Bh6 20. Qc2 Kg7 21. Re2 Bxf4 22.
gxf4 Qxf4 23. Re3 Qg4+ 24. Kh1 Qh3+ 25. Nh2 Qxh4 26. Ne2 Nf6 27. Kg2 Re8 28. Rg3
Ng4 29. Nxg4 hxg4 30. Qd2 Rh8 31. Rg1 Qh6 32. Qxh6+ Rxh6 33. Rxg4 e5 34. Rg3 e4
35. Bc2 Bd7 36. f3 f5 37. fxe4 fxe4 38. Rh1 Rxh1 39. Kxh1 Rf8 40. Kg2 Kh6 41.
Nc3 g5 42. Bd1 Rf4 43. Ne2 Rh4 44. Ng1 g4 45. Ne2 Kg5 46. Nc3 Rh7 47. Be2 Rf7
48. Nd1 Rf4 49. Ne3 Be6 50. Kh2 Bd7 51. Rg1 Rf2+ 52. Rg2 Rf3 53. Bxf3 exf3 54.
Rg3 Kf4 55. Nd1 Bf5 56. Nf2 Ke3 57. Nxg4+ Ke2 58. Ne5 f2 59. Rf3 f1=Q 60. Rxf1
Kxf1 61. Kg3 Ke2 62. Kf4 Bh3 63. Nxc6 Kd3 64. Ke5 Kc3 65. Na7 Kb3 66. Nxb5 Bf1
67. Nd6 Kxa3 68. b5 Kb2 69. b6 Ba6 70. c6 a3 71. b7 a2 72. b8=Q+ Kc2 73. c7 a1=Q
74. c8=Q+ Bxc8 75. Qxc8+ Kd3 76. Qh3+ Kd2 77. Qg2+ Kd3 78. Qf3+ Kd2 79. Qxd5 Qa7
80. Qg2+ Kc1 81. Qg5+ Kb2 82. d5 Ka2 83. Ke6 Qd4 84. Qg2+ Ka1 85. Qe4 Qg1 86.
Nf7 Qb6+ 87. d6 Qb3+ 88. Qd5 Qh3+ 89. Ke7 Qh4+ 90. Ke8 1-0

[Event "2nd Longtou Cup 2019"]
[Site "Qinhuangdao CHN"]
[Date "2019.04.24"]
[Round "8.11"]
[White "Tuvsanaa, Nyamaa"]
[Black "Fang, Yuxiang"]
[Result "0-1"]
[WhiteTitle "FM"]
[BlackTitle "GM"]
[WhiteElo "2212"]
[BlackElo "2472"]
[WhiteFideId "4900413"]
[BlackFideId "8605840"]
[EventDate "2019.04.16"]

1. d4 d5 2. c4 c6 3. Nf3 Nf6 4. Nc3 g6 5. e3 Bg7 6. Be2 O-O 7. O-O a6 8. a4 a5
9. Qb3 Na6 10. cxd5 cxd5 11. Bd2 Nb4 12. Rfc1 Bf5 13. Na2 Nxa2 14. Rxa2 Ne4 15.
Be1 Nd6 16. Raa1 e6 17. Rc5 Re8 18. Rac1 Bf8 19. Nd2 h5 20. h3 h4 21. Nf3 g5 22.
Ne5 Bh7 23. Bh5 Re7 24. f4 f6 25. Nf3 Be4 26. fxg5 Rh7 27. Bg4 f5 28. g6 Rh6 29.
g7 Bxg7 30. Ne5 fxg4 31. Nxg4 Rg6 32. Rc7 Bf5 33. Ne5 Bxe5 34. dxe5 Qg5 35. R1c2
Bxc2 36. Qxc2 Nf5 0-1

[Event "2nd Longtou Cup 2019"]
[Site "Qinhuangdao CHN"]
[Date "2019.04.24"]
[Round "8.12"]
[White "Chu, Wei Chao"]
[Black "Zhang, Xiao"]
[Result "1/2-1/2"]
[WhiteTitle "IM"]
[WhiteElo "2387"]
[BlackElo "2141"]
[WhiteFideId "8605661"]
[BlackFideId "8610894"]
[EventDate "2019.04.16"]

1. d4 d5 2. c4 dxc4 3. e3 Nf6 4. Bxc4 e6 5. Nf3 c5 6. O-O Nc6 7. Nc3 a6 8. a4
Be7 9. Qe2 cxd4 10. exd4 O-O 11. Rd1 Nb4 12. Ne5 Bd7 13. d5 exd5 14. Nxd5 Nbxd5
15. Bxd5 Nxd5 16. Rxd5 Bg4 17. Qe4 Qxd5 18. Qxd5 Rad8 19. Qb3 Rd1+ 20. Qxd1 Bxd1
21. Bg5 Bxg5 22. Rxd1 Rd8 23. Rxd8+ Bxd8 24. Kf1 Bc7 25. Nd3 Bd6 26. Ke2 b6 27.
Ke3 Kf8 28. Ke4 Ke7 29. f4 Ke6 30. f5+ Kd7 31. Ne5+ Bxe5 32. Kxe5 Kc6 33. f6 g6
34. b4 a5 35. bxa5 bxa5 36. Kd4 g5 37. g4 Kd6 38. Kc4 Kc6 1/2-1/2

[Event "2nd Longtou Cup 2019"]
[Site "Qinhuangdao CHN"]
[Date "2019.04.24"]
[Round "8.13"]
[White "Sarukhanyan, Samvel"]
[Black "Peng, Hongchi"]
[Result "0-1"]
[WhiteElo "2038"]
[BlackElo "2347"]
[WhiteFideId "24138983"]
[BlackFideId "8609047"]
[EventDate "2019.04.16"]

1. e4 c5 2. Nf3 e6 3. d4 cxd4 4. Nxd4 Nc6 5. g3 Qc7 6. Bg2 a6 7. Nc3 h5 8. Nf3
Nf6 9. Bf4 d6 10. O-O Ne5 11. Nxe5 dxe5 12. Bg5 Bd7 13. a4 O-O-O 14. Qf3 Bc6 15.
Rfd1 Be7 16. Rxd8+ Rxd8 17. Bxf6 Bxf6 18. b4 Be8 19. b5 a5 20. Ra3 Kb8 21. Rb3
Rd2 22. Qxh5 Qc5 23. Qf3 Bd8 24. Bf1 Bb6 25. Be2 f6 26. g4 Rxc2 27. Nd1 Qd4 28.
Rc3 Qxa4 29. Rxc2 Qxc2 30. Kg2 a4 31. Ne3 Qc3 32. g5 a3 33. gxf6 gxf6 34. Qxf6
a2 35. Qxe6 a1=Q 36. Qxb6 Qd4 37. Qe6 Qxe4+ 38. Kh3 Qh7+ 0-1

[Event "2nd Longtou Cup 2019"]
[Site "Qinhuangdao CHN"]
[Date "2019.04.24"]
[Round "8.14"]
[White "Ma, Lin"]
[Black "Huang, Renjie"]
[Result "1/2-1/2"]
[WhiteElo "2167"]
[BlackElo "2338"]
[WhiteFideId "8610533"]
[BlackFideId "8610134"]
[EventDate "2019.04.16"]

1. d4 Nf6 2. c4 e6 3. Nc3 d5 4. Bg5 Be7 5. e3 O-O 6. Nf3 b6 7. cxd5 Nxd5 8. Bxe7
Qxe7 9. Bd3 Bb7 10. Nxd5 Bxd5 11. O-O Nd7 12. Rc1 c5 13. Bb5 cxd4 14. Nxd4 Qg5
15. g3 Nf6 16. Bc6 Rad8 17. Bxd5 Rxd5 18. Qe2 a5 19. Rfd1 h5 20. Nc6 Rxd1+ 21.
Qxd1 h4 22. Rc4 hxg3 23. Ne7+ Kh7 24. hxg3 g6 25. Qd4 Kg7 26. Rc8 1/2-1/2

[Event "2nd Longtou Cup 2019"]
[Site "Qinhuangdao CHN"]
[Date "2019.04.24"]
[Round "8.15"]
[White "Nie, Xinyang"]
[Black "Liu, Zexu"]
[Result "0-1"]
[WhiteElo "2346"]
[BlackElo "2098"]
[WhiteFideId "8607222"]
[BlackFideId "8605963"]
[EventDate "2019.04.16"]

1. e4 e5 2. Nf3 Nc6 3. Bb5 a6 4. Ba4 Nf6 5. d3 b5 6. Bb3 Be7 7. O-O O-O 8. Nc3
d6 9. h3 Na5 10. Ne2 c5 11. c3 Nxb3 12. axb3 Re8 13. Ng3 Bf8 14. c4 Bd7 15. Nh4
g6 16. f4 Nh5 17. Nxg6 hxg6 18. Nxh5 Qh4 19. fxe5 Qxh5 20. Qxh5 gxh5 21. exd6
Bxd6 22. Bf4 Re6 23. Rf3 Bxf4 24. Rxf4 Rg6 25. Kh2 Rb8 26. Rf2 Rd6 27. Raf1 Be6
28. Rf3 bxc4 29. bxc4 Rxb2 30. Rg3+ Kf8 31. Rg5 Rxd3 32. Rxh5 Bxc4 33. Rc1 Rd4
34. Rxc5 Be6 35. Ra1 Ra2 36. Re1 a5 37. Re3 a4 38. h4 Rb2 39. h5 Rb3 40. Re2 Kg7
41. g4 a3 42. Kg2 Rb2 0-1

[Event "2nd Longtou Cup 2019"]
[Site "Qinhuangdao CHN"]
[Date "2019.04.24"]
[Round "8.16"]
[White "Buynitskiy, Daniil"]
[Black "Gu, Tianlu"]
[Result "1-0"]
[BlackTitle "WIM"]
[WhiteElo "2095"]
[BlackElo "2201"]
[WhiteFideId "24207721"]
[BlackFideId "8603995"]
[EventDate "2019.04.16"]

1. d4 Nf6 2. c4 e6 3. Nf3 d5 4. Nc3 dxc4 5. e3 a6 6. a4 c5 7. Bxc4 Nc6 8. O-O
Be7 9. Qe2 cxd4 10. Rd1 O-O 11. exd4 Nd5 12. Ne5 Ncb4 13. Ne4 b6 14. Ra3 f6 15.
Rh3 Qe8 16. Nd3 Kh8 17. Nxb4 Nxb4 18. Ng5 fxg5 19. Qe4 h6 20. Qxa8 g4 21. Re3
Qh5 22. Rf1 Bd6 23. g3 Bd7 24. Qe4 Nd5 25. Rb3 Nf6 26. Qg2 Rc8 27. Be2 Bc6 28.
f3 Bd5 29. Rc3 Rf8 30. fxg4 Bxg2 31. gxh5 Bxf1 32. Bxf1 e5 33. Rc6 Bb8 34. dxe5
Bxe5 35. Bxa6 Bd4+ 36. Kg2 Ne4 37. Rc4 Rf2+ 38. Kh3 Nc5 39. Rxd4 Nxa6 40. Rd6
Nc5 41. Rxb6 Nxa4 42. Rb4 Rc2 43. Bxh6 gxh6 44. Rxa4 Rxb2 45. Ra7 Kg8 46. Ra4
Kg7 47. Rf4 Ra2 48. Rf3 Rb2 49. g4 Ra2 50. Kg3 Rb2 51. Ra3 Rc2 52. h4 Rc5 53.
Ra4 Rb5 54. Kf4 Rb6 55. Ra7+ Kg8 56. Ra5 Kg7 57. g5 Rb4+ 58. Kf5 Rb6 59. Ra7+
Kg8 60. Ra5 Kg7 61. Rc5 Ra6 62. Rc7+ Kg8 63. Re7 Rb6 64. Re6 Rb7 65. Kg6 Rg7+
66. Kxh6 Rh7+ 67. Kg6 Rg7+ 68. Kf5 Rf7+ 69. Kg4 Ra7 70. h6 Rb7 71. Kh5 Ra7 72.
Rb6 Rc7 73. Rb8+ 1-0